مكتبة جامعة عجلون الوطنية

فهرس بحث المكتبة

ACE THE DATA SCIENCE INTERVIEW : 201 Real Intervew Questions Asked By FAANG, Tech Starups, Wall Street/ (Record no. 33843)

MARC details
000 -LEADER
fixed length control field 00577nam a22001937a 4500
003 - CONTROL NUMBER IDENTIFIER
control field JO-AjAnu
005 - DATE AND TIME OF LATEST TRANSACTION
control field 20241023101849.0
008 - FIXED-LENGTH DATA ELEMENTS--GENERAL INFORMATION
fixed length control field 241022b jo ||||| |||| 00| 0 ara d
020 ## - INTERNATIONAL STANDARD BOOK NUMBER
International Standard Book Number 38-9738-0-578-978
040 ## - CATALOGING SOURCE
Transcribing agency JO-AjAnu
041 ## - LANGUAGE CODE
Language code of original ENG
100 ## - MAIN ENTRY--PERSONAL NAME
Personal name Huo, Kevin
Relator term Author
9 (RLIN) 66442
245 ## - TITLE STATEMENT
Title ACE THE DATA SCIENCE INTERVIEW : 201 Real Intervew Questions Asked By FAANG, Tech Starups, Wall Street/
Statement of responsibility, etc. Kevin Huo, Nick Singh
260 ## - PUBLICATION, DISTRIBUTION, ETC.
Date of publication, distribution, etc. 2021
300 ## - PHYSICAL DESCRIPTION
Extent pages: 290
650 ## - SUBJECT ADDED ENTRY--TOPICAL TERM
Form subdivision Data Science
700 ## - ADDED ENTRY--PERSONAL NAME
Personal name Nick Singh
Relator term Joint Author
9 (RLIN) 66443
942 ## - ADDED ENTRY ELEMENTS (KOHA)
Source of classification or shelving scheme Library of Congress Classification
Koha item type Books
Suppress in OPAC No
Holdings
Withdrawn status Lost status Source of classification or shelving scheme Damaged status Not for loan Home library Current library Date acquired Total Checkouts Full call number Barcode Date last seen Price effective from Koha item type
    Library of Congress Classification     مكتبة جامعة عجلون الوطنية مكتبة جامعة عجلون الوطنية 22/10/2024   QA76.9.2021 E3984 22/10/2024 22/10/2024 Books
    Library of Congress Classification     مكتبة جامعة عجلون الوطنية مكتبة جامعة عجلون الوطنية 22/10/2024   QA76.9.2021 E3983 22/10/2024 22/10/2024 Books